LIBRARY & INFORMATION CENTRE, KCAET, TAVANUR

ONLINE PUBLIC ACCESS CATALOGUE (OPAC)

Development and evaluation of a tray type protected cultivation system for fodder crop (Record no. 15484)

MARC details
000 -LEADER
fixed length control field 00567nam a22001577a 4500
003 - CONTROL NUMBER IDENTIFIER
control field OSt
008 - FIXED-LENGTH DATA ELEMENTS--GENERAL INFORMATION
fixed length control field 180925b ||||| |||| 00| 0 eng d
082 ## - DEWEY DECIMAL CLASSIFICATION NUMBER
Classification number 631.587
Item number LIN/DE
100 ## - MAIN ENTRY--AUTHOR NAME
Personal name Linsha C.P
-- Riyola George
-- Sreeduth S.
245 ## - TITLE STATEMENT
Title Development and evaluation of a tray type protected cultivation system for fodder crop
260 ## - PUBLICATION, DISTRIBUTION, ETC. (IMPRINT)
Place of publication Thavanur
Name of publisher Department of irrigation and drainage engineering
Year of publication 2018
300 ## - PHYSICAL DESCRIPTION
Number of Pages 52
Accompanying material CD
700 ## - ADDED ENTRY--PERSONAL NAME
Personal name Vishnu B. (Guide)
856 ## - ELECTRONIC LOCATION AND ACCESS
Uniform Resource Identifier <a href="https://drive.google.com/open?id=1JUZ0JOKFsmyjqS77R7xwr4K2H4_KcJJr">https://drive.google.com/open?id=1JUZ0JOKFsmyjqS77R7xwr4K2H4_KcJJr</a>
942 ## - ADDED ENTRY ELEMENTS (KOHA)
Koha item type Project Report
Holdings
Withdrawn status Lost status Damaged status Home library Current library Date acquired Full call number Accession Number Koha item type
      KAUAET KAUAET 25/07/2018 631.587 LIN/DE P 410 Project Report
free website counter